Trees image quiz - Statistics

General Stats
  • This quiz has been taken 491 times
  • The average score is 8 of 12
Answer Stats
Picture Answer % Correct
Palm
96%
Cherry blossom
94%
Pine
94%
Cactus (Saguaro)
93%
Maple
89%
Oak
89%
Eucalyptus
76%
Bonsai
72%
Sequoia
56%
Chestnut
54%
Jacaranda
13%
Dragon's Blood
8%
No matching quizzes found
Score Distribution
Percent of People with Each Score
Percentile by Number Answered
Your Score History
You have not taken this quiz